| 000 | 00854nac a22001811u 4500 | ||
|---|---|---|---|
| 008 | 100929t1984 xxu||||| |||| 00| 0 ara d | ||
| 020 | _a9770207225 | ||
| 082 |
_a229.7 _bع م ر |
||
| 100 | 1 |
_aالعمري ، أحمد جمال _919962 |
|
| 245 |
_aمفهوم الإعجاز القرآنى : _bحتى القرن السادس الهجرى / _cتأليف أحمد جمال العمرى |
||
| 260 |
_aالقاهرة : _bدار المعارف ,[1984] _c[1984]. |
||
| 300 |
_a377 ص ؛ _c24 سم. |
||
| 504 | _aيحتوى على إرجاعات ببليوجرافية ص 356-365 | ||
| 511 | _aCatalogued by: Sara | ||
| 650 |
_aالقرآن ، إعجاز _98658 |
||
| 942 |
_cBB _k229.7 ع م ر _2ddc |
||
| 999 |
_c7259 _d7259 |
||